LEADER 01248cam0-22003971i-450- 001 990007776420403321 005 20140520100513.0 010 $a88-8114-553-7 035 $a000777642 035 $aFED01000777642 035 $a(Aleph)000777642FED01 035 $a000777642 100 $a20030814d1998----km-y0itay50------ba 101 0 $aita 102 $aIT 200 1 $a<>istituzioni della solidarietà$eil sistema delle associazioni nel Codice civile e nella legislazione speciale$fGiuseppe Vecchio 210 $aNapoli$cEdizioni scientifiche italiane$d1998 215 $a370 p.$d24 cm 225 1 $aPubblicazioni della Scuola di specializzazione in diritto civile dell'Università di Camerino$v82 610 0 $aAssociazione non riconosciuta 610 0 $aVolontariato 610 0 $aEnti non profit 676 $a346.01 700 1$aVecchio,$bGiuseppe$0263044 801 0$aIT$bUNINA$gRICA$2UNIMARC 901 $aBK 912 $a990007776420403321 952 $a19-E-244$b10507$fDDCP 952 $aX A 32$b4459$fDDCIC 952 $aA-I-B-51$bdip. 8992$fDDRC 952 $a19-E-241$b10359$fDDCP 959 $aDDCP 959 $aDDCIC 959 $aDDRC 996 $aIstituzioni della solidarietà$9666784 997 $aUNINA LEADER 01616nam0-2200493---45-- 001 990001048970203316 005 20091123091528.0 010 $a88-15-01422-5 035 $a0104897 035 $aUSA010104897 035 $a(ALEPH)000104897USA01 035 $a0104897 100 $a20020321d1987----km-y0ITAy01------ba 101 $aita 102 $aIT 105 $a00||| 200 1 $aSpesa pubblica e bisogno di inefficienza$el'esperienza del Fondo investimenti e occupazione, 1982-1986$fGiuseppe Pennisi, Edoardo M. Peterlini 210 $aBologna$cIl mulino$d[1987] 215 $a175 p.$d22 cm 225 2 $aStudi e ricerche$v221 410 0$12001$aStudi e ricerche 606 $aInvestimenti pubblici$yItalia$z1982-1986 607 $aItalia$xProgrammazione economica$z1982-1986 676 $a338.94502 700 1$aPENNISI,$bGiuseppe$0127481 701 1$aPETERLINI,$bEdoardo M.$0128052 801 0$aIT$bsalbc$gISBD 912 $a990001048970203316 951 $aXXX.B. Coll. 31/ 122 (COLL. U 221)$b141360 LM$cXXX.B. Coll. 31/ 122 (COLL. U)$d00252265 951 $a338.9 PEN$b1722 DISES 959 $aBK 969 $aECO 969 $aDISES 979 $aPATTY$b90$c20020321$lUSA01$h0927 979 $aPATTY$b90$c20020321$lUSA01$h0928 979 $c20020403$lUSA01$h1745 979 $aPATRY$b90$c20040406$lUSA01$h1713 979 $aRSIAV4$b90$c20091123$lUSA01$h0915 979 $c20121027$lUSA01$h1547 979 $c20121027$lUSA01$h1558 979 $c20121027$lUSA01$h1610 996 $aSpesa pubblica e bisogno di inefficienza$936083 997 $aUNISA DEB $aUSA3233